| 000 | 00582nam a2200169 i 4500 | ||
|---|---|---|---|
| 001 | 24966 | ||
| 003 | ES-MaACL | ||
| 005 | 20230906153153.0 | ||
| 007 | t| | ||
| 008 | 021219s1970 sp ||||1| spa d | ||
| 100 | 1 |
_aAngulo Montes, Francisco. _921791 |
|
| 245 | 1 | 0 |
_aDiscurso... / _cpor Francisco Angulo Montes con motivo del I Centenario de la Ley Orgánica del Poder Judicial. |
| 260 |
_aMadrid : _bPresidencia del Tribunal Supremo, _c1970. |
||
| 300 |
_a15 p. ; _c24 cm. |
||
| 710 | 1 |
_aEspaña. _bTribunal Supremo. _bPresidencia. _94006 |
|
| 852 |
_aES-MaACL _j2075-F-22 _bR.74869 |
||
| 999 |
_c24966 _d24966 |
||